LEADER 01466nas 22004693a 450 001 996211382303316 005 20221206155920.0 011 $a1482-0455 035 $a(OCoLC)48861634 035 $a(CKB)991042735647252 035 $a(CONSER)cn2002300147 035 $a(EXLCZ)99991042735647252 100 $a20020125a20009999 --- a 101 0 $afre 135 $aurcn||||||||| 181 $ctxt$2rdacontent/fre 182 $cc$2rdamedia/fre 200 10$aAction news =$eAction nouvelles 210 $aOttawa $cCentre canadien de lutte contre l'alcoolisme et les toxicomanies$d2000- 300 $aTitre de l'écran-titre (visionné le 4 janv. 2002). 300 $aArchivé par la Bibliothèque nationale du Canada. 311 $a1701-4530 517 3 $aAction nouvelles 531 0 $aAction nouv. 606 $aAlcoolisme$2rasuqam 606 $aLutte antidrogue$2rasuqam 606 $aPrévention$2rasuqam 606 $aToxicomanie$2rasuqam 607 $aCanada$2rasuqam 608 $aPeriodicals.$2fast 608 $aPériodique électronique (Descripteur de forme)$2rasuqam 608 $aRessource Internet (Descripteur de forme)$2rasuqam 615 7$aAlcoolisme. 615 7$aLutte antidrogue. 615 7$aPrévention. 615 7$aToxicomanie. 676 $a362.29 712 02$aCanadian Centre on Substance Abuse. 906 $aJOURNAL 912 $a996211382303316 996 $aAction news$92271959 997 $aUNISA LEADER 00993nas 2200373 c 450 001 996321504903316 005 20221108043135.0 011 $a2521-3407 035 $a(CKB)4100000007878630 035 $a(OCoLC)856866321 035 $a(DE-101)1037837673 035 $a(DE-599)ZDB2727526-7 035 $a(EXLCZ)994100000007878630 100 $a20130801a20059999 |y | 101 0 $aeng 135 $aur||||||||||| 181 $ctxt$2rdacontent 182 $cc$2rdamedia 183 $acr$2rdacarrier 200 00$aIbn Al-Haitham Journal For Pure and Applied Science 210 31$aBaghdad$cUniv.$d[2005?]- 215 $aOnline-Ressource 300 $aGesehen am 04.09.19 311 $a1609-4042 608 $aZeitschrift$2gnd-content 676 $a500 676 $a600 801 0$b0355 801 1$bDE-101 801 2$b9001 906 $aJOURNAL 912 $a996321504903316 996 $aIbn Al-Haitham Journal For Pure and Applied Science$91955985 997 $aUNISA